[Event "IECC M-5320"]
[Site "IECC email"]
[Date "2005.09.10"]
[Round "?"]
[White "Basson, Heinrich"]
[Black "Tunks, Andrew"]
[Result "0-1"]
[WhiteElo "1738"]
[BlackElo "1563"]
[PlyCount "64"]
[EventDate "2005.??.??"]
[EventType "tourn (corr)"]
[EventRounds "10"]
[SourceTitle "Corr 2008"]
[Source "ChessBase"]
[SourceDate "2008.06.24"]
[SourceVersion "1"]
[SourceVersionDate "2008.06.24"]
[SourceQuality "1"]

1. e4 d5 2. exd5 Qxd5 3. Nc3 Qa5 4. Nf3 Nf6 5. d4 c6 6. Bd2 Bf5 7. Ne4 Qb6 8. Nxf6+ gxf6 9. Bc3 e6 10. Qd2 Nd7 11. 0-0-0 0-0-0 12. Nh4 Bg6 13. f4 Qc7 14. f5 Bh5 15. Re1 e5 16. h3 exd4 17. Bxd4 c5 18. Be3 Ne5 19. Qc3 Qc6 20. Rg1 Qa4 21. g4 c4 22. a3 b5 23. gxh5 b4 24. b3 Qa5 25. Qa1 bxa3 26. Rd1 Bc5 27. Bxc5 Rxd1+ 28. Kxd1 Qxc5 29. Rg2 Rd8+ 30. Ke1 cxb3 31. Ba6+ Kb8 32. cxb3 Qa5+ 0-1

[Event "IECC M-5297"]
[Site "IECC email"]
[Date "2005.08.09"]
[Round "?"]
[White "Tunks, Andrew"]
[Black "Schibuola, Francesco"]
[Result "0-1"]
[WhiteElo "1576"]
[BlackElo "1495"]
[PlyCount "64"]
[EventDate "2005.??.??"]
[EventType "tourn (corr)"]
[EventRounds "10"]
[SourceTitle "Corr 2008"]
[Source "ChessBase"]
[SourceDate "2008.06.24"]
[SourceVersion "1"]
[SourceVersionDate "2008.06.24"]
[SourceQuality "1"]

1. d4 Nf6 2. Bg5 Ne4 3. Bf4 c5 4. f3 Qa5+ 5. c3 Nf6 6. d5 e6 7. e4 exd5 8. exd5 d6 9. Na3 Be7 10. Ne2 0-0 11. Nc4 Qc7 12. Ng3 b5 13. Ne3 a6 14. Be2 Nbd7 15. a4 bxa4 16. 0-0 Nb6 17. c4 Re8 18. Nef5 Bxf5 19. Nxf5 Nh5 20. Be3 Bf6 21. Qd2 Re5 22. g4 Rae8 23. Ra3 Nf4 24. Rd1 Nxe2+ 25. Qxe2 Qd7 26. Kf2 g6 27. Ng3 Bg5 28. Ne4 Bh4+ 29. Kf1 f5 30. gxf5 gxf5 31. Qg2+ Kh8 32. Qh3 fxe4 0-1

[Event "IECC M-5245"]
[Site "IECC email"]
[Date "2005.05.04"]
[Round "?"]
[White "Reilly, Harry"]
[Black "Tunks, Andrew"]
[Result "0-1"]
[WhiteElo "1411"]
[BlackElo "1600"]
[PlyCount "58"]
[EventDate "2005.??.??"]
[EventType "tourn (corr)"]
[EventRounds "10"]
[SourceTitle "Corr 2020"]
[Source "ChessBase"]
[SourceDate "2019.09.30"]
[SourceVersion "1"]
[SourceVersionDate "2019.09.30"]
[SourceQuality "1"]
[WhiteTeam "United States"]
[BlackTeam "England"]
[WhiteTeamCountry "USA"]
[BlackTeamCountry "ENG"]

1. f4 d5 2. Nf3 Nf6 3. e3 g6 4. Be2 Bg7 5. 0-0 0-0 6. d4 Nbd7 7. Ne5 Ne4 8. Nd2 Nd6 9. g4 Nf6 10. g5 Nfe4 11. Nxe4 Nxe4 12. Kg2 f6 13. gxf6 exf6 14. Nf3 Qd7 15. Nd2 Qh3+ 16. Kg1 Qxe3+ 17. Kh1 Nf2+ 18. Rxf2 Qxf2 19. Qf1 Qxf1+ 20. Bxf1 Bg4 21. Bg2 c6 22. Nf3 Rfe8 23. Bd2 Bh6 24. Re1 Rxe1+ 25. Nxe1 Re8 26. Nf3 Re2 27. Bc3 Bxf4 28. h3 Bxf3 29. Bxf3 Rxc2 0-1